| 000 | 00889cam a22002533a 4500 | ||
|---|---|---|---|
| 001 | 13685 | ||
| 003 | PGUSA | ||
| 005 | 20140828083307.0 | ||
| 008 | 041010s2004||||xxu|||||s|||||000 | eng d | ||
| 040 |
_aPGUSA _beng |
||
| 042 | _adc | ||
| 050 | 4 | _aPZ | |
| 100 | 1 |
_aTappan, Eva March, _d1854-1930 |
|
| 245 | 1 | 4 |
_aThe Children's Hour, v 5. Stories From Seven Old Favorites _h[electronic resource] / _cEva March Tappan |
| 260 |
_bProject Gutenberg, _c2004 |
||
| 505 | 0 | _aThe pilgrim's progress -- Robinson Crusoe -- Gulliver's travels -- Don Quixote -- The Arabian nights -- The travels of Baron Munchausen -- Tales from Shakespeare. | |
| 506 | _aPublic domain in the USA. | ||
| 516 | _aElectronic text | ||
| 653 | _aLiterature -- Adaptations | ||
| 653 | _aChildren's stories | ||
| 830 | 0 |
_aProject Gutenberg _v13685 |
|
| 856 | 4 | 0 | _uhttp://www.gutenberg.org/ebooks/13685 |
| 942 | _cEB | ||
| 999 |
_c242940 _d242940 |
||